IT - Enabled services Vol - 2 (Record no. 87501)

MARC details
000 -LEADER
fixed length control field 00579nam a2200217Ia 4500
008 - FIXED-LENGTH DATA ELEMENTS--GENERAL INFORMATION
fixed length control field 230125s9999 xx 000 0 und d
020 ## - INTERNATIONAL STANDARD BOOK NUMBER
International Standard Book Number 81-7881-101-4
041 ## - LANGUAGE CODE
Language code of text/sound track or separate title eng
082 ## - DEWEY DECIMAL CLASSIFICATION NUMBER
Classification number 004.69
Item number ICF
100 ## - MAIN ENTRY--PERSONAL NAME
Personal name ICFAI
245 ## - TITLE STATEMENT
Title IT - Enabled services Vol - 2
250 ## - EDITION STATEMENT
Edition statement 1st Ed.
260 ## - PUBLICATION, DISTRIBUTION, ETC. (IMPRINT)
Date of publication, distribution, etc. 2002
Name of publisher, distributor, etc. ICFAI publication
Place of publication, distribution, etc. Hyderabad
300 ## - PHYSICAL DESCRIPTION
Extent 181p
440 ## - SERIES STATEMENT/ADDED ENTRY--TITLE
Title ICFAI
500 ## - GENERAL NOTE
Keywords ICFAI Series Book;IT - Enabled Services
650 ## - SUBJECT ADDED ENTRY--TOPICAL TERM
Topical term or geographic name as entry element Information Technology
9 (RLIN) 106901
700 ## - ADDED ENTRY--PERSONAL NAME
Personal name ICFAI & Mantravadi P M, Ed.
9 (RLIN) 110636
906 ## - LOCAL DATA ELEMENT F, LDF (RLIN)
b 112
Holdings
Withdrawn status Lost status Damaged status Not for loan Home library Current library Date acquired Vendor Cost, normal purchase price Bill number Total Checkouts Full call number Barcode Date last seen Cost, replacement price Bill Date Koha item type Original Barcode
        Smt. Hiraben Nanavati Institute of Management & Research for Women Smt. Hiraben Nanavati Institute of Management & Research for Women 05/12/2006 ICFAI press 750.00 118   004.69 ICF B05648 HIMR-BK-5648 25/01/2023 638.00 04/12/2006 Books B05648
        Smt. Hiraben Nanavati Institute of Management & Research for Women Smt. Hiraben Nanavati Institute of Management & Research for Women 05/12/2006 ICFAI press 400.00 118   004.69 ICF B05649 HIMR-BK-5649 25/01/2023 340.00 04/12/2006 Books B05649